Príprava nanoželeza a jeho použitie vo Fenton-like reakciách

Guardado en:
Detalles Bibliográficos
Autor principal: Solmošiová, Mária (Autor)
Otros Autores: Prousek, Jozef (Orientador)
Formato: Manuscrito Libro
Lenguaje:eslovaco
Publicado: 2017
Materias:
Acceso en línea:http://is.stuba.sk/zp/portal_zp.pl?podrobnosti=128743
Etiquetas: Agregar Etiqueta
Sin Etiquetas, Sea el primero en etiquetar este registro!

MARC

LEADER 00000ntm a22000003a 4500
001 stuzp64858
003 SK-STU
005 20170610211314.5
007 ta
008 150427s2015----xo-----f-mn---000-0-slo-d
040 |a STU  |b slo 
041 0 |a slo 
100 1 |a Solmošiová, Mária  |u 046290  |4 aut  |U FCHPT Ústav chemického a environmentálneho inžinierstva  |T FCHPT Oddelenie environmentálneho inžinierstva  |X 42887  |U C6290  |Y 120  |7 42887 
242 0 1 |a Preparation of Nanoscale Zero-valent Iron and its Application in Fenton-Like Reaction  |y eng 
245 1 0 |a Príprava nanoželeza a jeho použitie vo Fenton-like reakciách 
260 |c 2017 
650 4 |a nZVI  |2 slo 
650 4 |a kyselina monochlóroctová  |2 slo 
650 4 |a Fenton-like reakcia  |2 slo 
650 4 |a lístie  |2 slo 
650 4 |a odpadový materiál  |2 slo 
650 4 |a nZVI  |2 eng 
650 4 |a waste material  |2 eng 
650 4 |a Monochloroacetic acid  |2 eng 
650 4 |a Fenton-like reaction  |2 eng 
650 4 |a leaves  |2 eng 
700 1 |a Prousek, Jozef  |u 046290  |k Z1  |4 ths  |U FCHPT Ústav chemického a environmentálneho inžinierstva  |T FCHPT Oddelenie environmentálneho inžinierstva  |X 3296  |U C6290  |Y 120  |7 A000003296 
856 4 |u http://is.stuba.sk/zp/portal_zp.pl?podrobnosti=128743